| 000 | 00359nam a2200121Ia 4500 | ||
|---|---|---|---|
| 008 | 220120s9999||||xx |||||||||||||| ||und|| | ||
| 082 | _a823 YUE | ||
| 100 |
_aYue, Guo and Farrow, Clare _911866 |
||
| 245 | 0 | _aLittle leap forward: a boy in beijing | |
| 260 |
_aBarefoot Books _bNEw Delhi _c2011 |
||
| 300 |
_aXII,826p.;28cm _b0 |
||
| 650 |
_aSIGNAL PROCESSING _9719 |
||
| 999 |
_c137404 _d137404 |
||